000 00587nam a22002057a 4500
003 KOHA_MİRAKIL
005 20260406101517.0
008 260406b tu ||||| |||| 00| 0 tur d
020 _a9754944482
040 _aTR-AnABB
_btur
_cTR-AnABB
041 _atur
082 _a320.01
_b OZD 1994
100 1 _aÖzden, Yekta Güngör
245 1 0 _aİnsan hakları laiklik demokrasi yolunda /
_cYekta Güngör Özden
260 _aAnkara :
_bBilgi Yayınevi,
_c1994
300 _a524 sayfa ;
_c20 cm
500 _ayazar imzalı
650 0 4 _asiyaset bilimi
942 _2ddc
_cBK
999 _c10156
_d10156
900 _bCem ÖZOGLU